| 000 | 01316nam a22002657a 4500 | ||
|---|---|---|---|
| 003 | AR-RoUNCS | ||
| 005 | 20251217161342.0 | ||
| 008 | 251217t2016 ag |||||r|||| 00| pdita d | ||
| 020 | _a978-987-702-200-1 | ||
| 040 |
_aAR-RoUNCS _cAR-RoUNCS |
||
| 080 | _082-1(450) | ||
| 100 | 1 |
_aSemacchi Gliubich, Graziella, _eautor |
|
| 245 | 1 |
_aDimenticare gli alisei = _bOlvidar los alisios / _cGraziella Semacchi Gliubich ; traducción, introducción y notas de Alberto Anunziato. |
|
| 246 | 1 | 1 | _aOlvidar los alisios |
| 260 |
_aRosario : _bUNR Editora, _c2016. |
||
| 300 |
_a112 p. ; _c18 cm. |
||
| 490 | 0 |
_aPolifonía de mujeres ; _v1 |
|
| 500 | _aColección dirigida por Darío Maiorana. | ||
| 520 | 3 | _aSaber que cuando sopla la Bora scura sobre Trieste puede hacerlo por nueve días seguidos, con vientos de hasta 160 kilómetros por hora, implica reconocer que el poema tiene más de descripción realista que de alegoría apocalíptica. Y, a su vez, saber la importancia cultural de la Bora para los triestinos aporta un elemento extra en la comprensión de la clave poética de la obra, en la que la referencia la viento es constante. | |
| 546 | _aEn español e italiano. | ||
| 650 | 7 |
_2embne _aLiteratura italiana |
|
| 655 | 7 |
_2embne _aPoesías |
|
| 700 | 1 |
_aAnunziato, Alberto, _etraductor |
|
| 942 |
_2udc _cLPD _n0 |
||
| 999 |
_c860 _d860 |
||